[Event "XXIX Põlva suveturniir"]
[Site "Põlva"]
[Date "2008.08.16"]
[Round "3"]
[White "Kool, Lauri"]
[Black "Turu, Indrek"]
[Result "1-0"]
[WhiteElo "2091"]
[BlackElo "1790"]
[PlyCount "65"]
[EventDate "2008.08.15"]
[EventRounds "7"]
[SourceDate "2008.08.15"]

1. e4 e6 2. d4 d5 3. e5 c5 4. c3 Qb6 5. Nf3 Nc6 6. Be2 Nh6 7. b3 cxd4 8. cxd4
Bb4+ 9. Kf1 Nf5 10. a3 Be7 11. g4 Nh4 12. Nxh4 Bxh4 13. Be3 f6 14. exf6 Bxf6
15. Nc3 Na5 16. g5 Be7 17. b4 Nc4 18. Bxc4 dxc4 19. Qh5+ g6 20. Qf3 Bd7 21. d5
Qa6 22. Bc5 Rf8 23. Qe3 Rf7 24. Re1 Bxc5 25. bxc5 Re7 26. c6 bxc6 27. Qe5 Kd8
28. dxe6 Rxe6 29. Qh8+ Re8 30. Rxe8+ Bxe8 31. Kg2 Kc7 32. Qe5+ Kc8 33. Qxe8+
1-0

[Event "XXIX Põlva suveturniir"]
[Site "Põlva"]
[Date "2008.08.16"]
[Round "3"]
[White "Raidla, Johannes"]
[Black "Tobre, Andres"]
[Result "0-1"]
[WhiteElo "1872"]
[BlackElo "1717"]
[PlyCount "77"]
[EventDate "2008.08.15"]
[EventRounds "7"]
[SourceDate "2008.08.15"]

1. e4 e5 2. Nf3 Nc6 3. d4 exd4 4. Nxd4 Bc5 5. Nxc6 Qf6 6. f4 Qxc6 7. Bd3 Ne7 8.
Qe2 a6 9. Nc3 O-O 10. a3 d5 11. Bd2 d4 12. Nd1 b5 13. Nf2 Bb7 14. Rg1 Rae8 15.
g4 Nd5 16. g5 Ne3 17. h4 f5 18. e5 Qf3 19. Qxf3 Bxf3 20. Rg3 Bh5 21. Rc1 Ba7
22. Be2 Bf7 23. h5 Bd5 24. Bxe3 dxe3 25. Nd1 c5 26. Nxe3 Be4 27. c4 b4 28. axb4
cxb4 29. Nd5 a5 30. h6 Bd4 31. b3 Rf7 32. hxg7 Kxg7 33. Bh5 a4 34. bxa4 Ra8 35.
g6 Rb7 36. gxh7+ Kxh7 37. Rd1 b3 38. Nf6+ Kh8 39. Rxd4 0-1

[Event "XXIX Põlva suveturniir"]
[Site "Põlva"]
[Date "2008.08.16"]
[Round "3"]
[White "Ojar, Richard"]
[Black "Komlev, Heino"]
[Result "0-1"]
[WhiteElo "1205"]
[BlackElo "1792"]
[PlyCount "62"]
[EventDate "2008.08.15"]
[EventRounds "7"]
[SourceDate "2008.08.15"]

1. e4 c5 2. Nf3 e6 3. Nc3 Nc6 4. g3 Nge7 5. Bg2 Ng6 6. O-O Be7 7. d3 Bf6 8. Be3
d6 9. d4 cxd4 10. Nxd4 a6 11. a4 O-O 12. Re1 Nxd4 13. Bxd4 Bxd4 14. Qxd4 Qc7
15. Red1 Rd8 16. b4 Ne5 17. b5 Nc4 18. b6 Nxb6 19. e5 d5 20. a5 Nd7 21. Re1 Qc5
22. Qxc5 Nxc5 23. Na4 Nxa4 24. Rxa4 Bd7 25. Rb4 Bb5 26. c4 dxc4 27. Bf1 Rac8
28. Rc1 c3 29. Bxb5 axb5 30. Rxb5 c2 31. Rb2 Rd1+ 0-1

[Event "XXIX Põlva suveturniir"]
[Site "Põlva"]
[Date "2008.08.16"]
[Round "4"]
[White "Vorobjov, Pavel"]
[Black "Ðvõrjov, Igor"]
[Result "1-0"]
[WhiteElo "2257"]
[BlackElo "2423"]
[PlyCount "103"]
[EventDate "2008.08.15"]
[EventRounds "7"]
[SourceDate "2008.08.15"]

1. e4 g6 2. d4 Bg7 3. Nf3 d6 4. Be2 c6 5. c4 Bg4 6. Qb3 Bxf3 7. Bxf3 Qb6 8. Be3
Nd7 9. Qxb6 axb6 10. Nc3 h5 11. O-O-O e6 12. Rhe1 Ke7 13. Kb1 Ngf6 14. h3 Ne8
15. g4 hxg4 16. hxg4 Rh3 17. Be2 Nc7 18. g5 Rah8 19. Bf1 Rh2 20. f4 c5 21. f5
Bxd4 22. f6+ Bxf6 23. gxf6+ Nxf6 24. Bf4 e5 25. Bxh2 Rxh2 26. Nd5+ Ncxd5 27.
cxd5 Rh4 28. Bd3 Nh5 29. Rh1 Rf4 30. Kc2 Ng3 31. Rh8 c4 32. Bxc4 Rxe4 33. Bd3
Rf4 34. Rg1 Rf3 35. Kd2 e4 36. Be2 Nxe2 37. Kxe2 Rf5 38. Rb8 Rxd5 39. Rxb7+ Ke6
40. Rxb6 Rh5 41. Rd1 f5 42. Rdxd6+ Ke5 43. Rxg6 Rh2+ 44. Kf1 Kf4 45. Rg2 Rh1+
46. Ke2 Rc1 47. Rf2+ Kg4 48. Rg6+ Kh5 49. Rg8 Rc2+ 50. Ke1 Rc1+ 51. Kd2 e3+ 52.
Kxe3 1-0

[Event "XXIX Põlva suveturniir"]
[Site "Põlva"]
[Date "2008.08.16"]
[Round "4"]
[White "Reiman, Arvo"]
[Black "Teelem, Lauri"]
[Result "0-1"]
[WhiteElo "2196"]
[BlackElo "2140"]
[PlyCount "44"]
[EventDate "2008.08.15"]
[EventRounds "7"]
[SourceDate "2008.08.15"]

1. e4 d5 2. exd5 Nf6 3. d4 Nxd5 4. c4 Nb6 5. Nc3 e5 6. dxe5 Qxd1+ 7. Nxd1 Nc6
8. f4 Be6 9. Ne3 O-O-O 10. Nf3 Bc5 11. Ng5 Nb4 12. a3 Nd3+ 13. Bxd3 Rxd3 14.
Ke2 Rb3 15. f5 Bxe3 16. fxe6 Bxc1 17. Nxf7 Re8 18. Raxc1 Rxb2+ 19. Kd3 Rxe6 20.
Ke4 Re7 21. Rhf1 Nd7 22. Rce1 Rxg2 0-1

[Event "XXIX Põlva suveturniir"]
[Site "Põlva"]
[Date "2008.08.16"]
[Round "4"]
[White "Nassar, Askold"]
[Black "Kunitsõn, Nikolai"]
[Result "0-1"]
[WhiteElo "1961"]
[BlackElo "2187"]
[PlyCount "60"]
[EventDate "2008.08.15"]
[EventRounds "7"]
[SourceDate "2008.08.15"]

1. d4 d5 2. Nf3 Nf6 3. c4 c6 4. Nc3 e6 5. cxd5 exd5 6. Bg5 Bd6 7. e3 O-O 8. h3
h6 9. Bxf6 Qxf6 10. Bd3 Re8 11. Qe2 Bf5 12. Bxf5 Qxf5 13. O-O Nd7 14. a3 a5 15.
a4 Nf6 16. Rfc1 Re7 17. Qc2 Qh5 18. Kf1 Rf8 19. Ng1 g5 20. Qf5 Ne8 21. g4 Qg6
22. Qxg6+ fxg6 23. Kg2 h5 24. Nd1 Rh7 25. Nf3 hxg4 26. hxg4 Nf6 27. Rc2 Nxg4
28. Nxg5 Rh2+ 29. Kf1 Nxe3+ 30. Nxe3 Rh1+ 0-1

[Event "XXIX Põlva suveturniir"]
[Site "Põlva"]
[Date "2008.08.16"]
[Round "4"]
[White "Sarapik, Kristjan"]
[Black "Siidirätsep, Endel"]
[Result "1-0"]
[WhiteElo "2135"]
[BlackElo "1946"]
[PlyCount "117"]
[EventDate "2008.08.15"]
[EventRounds "7"]
[SourceDate "2008.08.15"]

1. e4 e6 2. d4 d5 3. exd5 exd5 4. Bd3 Nc6 5. Ne2 Bd6 6. Nbc3 Nge7 7. Bg5 f6 8.
Bh4 Bg4 9. Qd2 Nb4 10. Bb5+ c6 11. Ba4 O-O 12. Bg3 Re8 13. a3 Na6 14. Bb3 Nc7
15. O-O Kh8 16. Rae1 Qd7 17. Bxd6 Qxd6 18. h3 Bh5 19. Nf4 Bf7 20. Nce2 Ng6 21.
c3 Nxf4 22. Nxf4 Rxe1 23. Rxe1 Re8 24. Rxe8+ Bxe8 25. Qe3 Bf7 26. Bc2 Ne6 27.
Qd3 g6 28. Nxe6 Qxe6 29. Kf1 Kg7 30. Qg3 Qe7 31. Qb8 a6 32. a4 Be6 33. b4 Qd7
34. Bd3 Qc8 35. Qf4 Qd7 36. h4 h5 37. a5 Bf7 38. f3 Qe6 39. Kf2 Qe7 40. g4 hxg4
41. fxg4 Qd7 42. g5 Qe6 43. Bc2 Be8 44. Bd1 Bd7 45. Bc2 Be8 46. Bd3 Bf7 47. Be2
f5 48. Bf3 Qe7 49. Qe5+ Qxe5 50. dxe5 Kf8 51. Ke3 Ke7 52. Be2 Ke6 53. Kf4 Be8
54. Bd3 Bf7 55. h5 gxh5 56. Bxf5+ Ke7 57. g6 Be8 58. Kg5 Kf8 59. Kf6 1-0

[Event "XXIX Põlva suveturniir"]
[Site "Põlva"]
[Date "2008.08.16"]
[Round "4"]
[White "Sander, Kristjan"]
[Black "Popman, Genadi"]
[Result "1-0"]
[WhiteElo "2094"]
[BlackElo "1835"]
[PlyCount "111"]
[EventDate "2008.08.15"]
[EventRounds "7"]
[SourceDate "2008.08.15"]

1. e4 c5 2. Nc3 d6 3. g3 Nc6 4. Bg2 e5 5. d3 g6 6. f4 Bg7 7. Nf3 Nge7 8. O-O
Be6 9. Ne2 O-O 10. Ng5 Bd7 11. c3 Qc8 12. Be3 f6 13. Nf3 Bh3 14. Nh4 Bxg2 15.
Kxg2 exf4 16. Nxf4 g5 17. Qb3+ Rf7 18. Nh5 c4 19. Qxc4 Ne5 20. Qxc8+ Rxc8 21.
Nf5 Nxf5 22. Rxf5 Nxd3 23. Rd1 Nc5 24. Bxc5 dxc5 25. Rd6 Re8 26. Kf3 g4+ 27.
Kxg4 Rxe4+ 28. Kh3 Re2 29. Rxc5 Rxb2 30. Rc8+ Rf8 31. Rc7 Bh8 32. Rdd7 f5 33.
Ng7 Rxa2 34. Rxb7 a5 35. c4 Rc2 36. Ne6 Re8 37. Nd4 Bxd4 38. Rxd4 Ra8 39. Rdd7
Rxc4 40. Rxh7 Rg4 41. Ra7 Rf8 42. Rhb7 a4 43. Rb5 Rc4 44. Rba5 Rf6 45. Rd7 Rh6+
46. Kg2 Rc2+ 47. Kf3 Rc8 48. h4 f4 49. Kxf4 Rf6+ 50. Kg5 Rf3 51. Kg4 Ra3 52. h5
Kh8 53. Kh4 Rg8 54. g4 Ra1 55. Ra6 Rg1 56. Rh6# 1-0

[Event "XXIX Põlva suveturniir"]
[Site "Põlva"]
[Date "2008.08.16"]
[Round "4"]
[White "Ots, Heikki"]
[Black "Kool, Lauri"]
[Result "0-1"]
[WhiteElo "1962"]
[BlackElo "2091"]
[PlyCount "72"]
[EventDate "2008.08.15"]
[EventRounds "7"]
[SourceDate "2008.08.15"]

1. e4 e5 2. Nf3 Nc6 3. Bc4 Nf6 4. Ng5 d5 5. exd5 Na5 6. Bb5+ c6 7. dxc6 bxc6 8.
Ba4 h6 9. Nf3 e4 10. Qe2 Be7 11. Ne5 Qd5 12. d4 exd3 13. cxd3 Qxg2 14. Rf1 Bh3
15. Bd2 O-O 16. Bxa5 Bd6 17. d4 Qd5 18. Bc3 Bxf1 19. Qxf1 Bxe5 20. dxe5 Qe4+
21. Qe2 Qxa4 22. Nd2 Nd5 23. Qc4 Qxc4 24. Nxc4 Nxc3 25. bxc3 Rfd8 26. Ke2 Rd5
27. Rb1 a5 28. f4 Rc5 29. Kd3 Rd8+ 30. Nd6 Rd5+ 31. Ke3 a4 32. c4 R5xd6 33.
exd6 Rxd6 34. Rb4 c5 35. Rxa4 Rd4 36. Ra8+ Kh7 0-1

[Event "XXIX Põlva suveturniir"]
[Site "Põlva"]
[Date "2008.08.16"]
[Round "4"]
[White "Kass, Viktor"]
[Black "Karassev, Vladislav"]
[Result "0-1"]
[WhiteElo "1911"]
[BlackElo "1543"]
[PlyCount "92"]
[EventDate "2008.08.15"]
[EventRounds "7"]
[SourceDate "2008.08.15"]

1. e4 c5 2. f4 d6 3. c3 Nf6 4. Bd3 g6 5. Nf3 Bg7 6. Bc2 O-O 7. O-O Nc6 8. d3 b6
9. h3 h5 10. Ng5 b5 11. Bb3 e6 12. a4 Qb6 13. axb5 c4+ 14. Kh1 cxb3 15. bxc6 a5
16. Nd2 Rb8 17. Nc4 Qxc6 18. Rxa5 Ba6 19. Ne3 Bh6 20. Rf2 Nd7 21. d4 Bxg5 22.
fxg5 Rb5 23. Rxb5 Qxb5 24. h4 Bb7 25. c4 Qb6 26. d5 exd5 27. exd5 Ne5 28. Rf4
Rc8 29. g4 hxg4 30. Nxg4 Nxc4 31. Nh6+ Kh8 32. Nxf7+ Kg7 33. Nh6 Ne5 34. Kh2
Rc2+ 35. Kg3 Bxd5 36. Rd4 Rg2+ 37. Kh3 Bf3 38. Rxd6 Rh2+ 39. Kg3 Qf2+ 40. Kf4
Bxd1+ 41. Kxe5 Qc5+ 42. Ke6 Re2+ 43. Kd7 Qxc1 44. Ng4 Rd2 45. Nf6 Rxd6+ 46.
Kxd6 Qf4+ 0-1

[Event "XXIX Põlva suveturniir"]
[Site "Põlva"]
[Date "2008.08.16"]
[Round "4"]
[White "Turu, Indrek"]
[Black "Komlev, Heino"]
[Result "1-0"]
[WhiteElo "1790"]
[BlackElo "1792"]
[PlyCount "109"]
[EventDate "2008.08.15"]
[EventRounds "7"]
[SourceDate "2008.08.15"]

1. e4 c5 2. Nc3 e6 3. g3 Nc6 4. Bg2 d6 5. d3 Be7 6. f4 Nd4 7. Nf3 Bd7 8. Be3
Nxf3+ 9. Qxf3 Bc6 10. O-O Bf6 11. g4 Qa5 12. Nd1 Bd4 13. c3 Bxe3+ 14. Nxe3 Qc7
15. Qg3 f6 16. Bh3 g5 17. Bg2 O-O-O 18. d4 h5 19. Rf2 h4 20. Qf3 h3 21. Bf1
gxf4 22. Qxf4 Qh7 23. d5 e5 24. Qf5+ Bd7 25. Qxh7 Rxh7 26. Rf3 Rh4 27. Bxh3 Nh6
28. Kf2 Rh8 29. Rg3 Nf7 30. Bg2 Rxh2 31. Nf5 Kc7 32. Ke3 Ng5 33. Rf1 Bb5 34.
Rf2 Nh3 35. Bxh3 R2xh3 36. Kd2 Rh2 37. Rgf3 R8h3 38. Ne3 Rxf2+ 39. Rxf2 Rh6 40.
c4 Bd7 41. a3 Rg6 42. Rg2 b5 43. Kc3 a5 44. b4 axb4+ 45. axb4 cxb4+ 46. Kxb4
Kb6 47. cxb5 Bxb5 48. Nf5 Bf1 49. Rg1 Be2 50. Nxd6 Kc7 51. Kc5 Kd7 52. Ra1 Bxg4
53. Ra7+ Kd8 54. Kc6 f5 55. Rd7# 1-0

[Event "XXIX Põlva suveturniir"]
[Site "Põlva"]
[Date "2008.08.17"]
[Round "4"]
[White "Tobre, Andres"]
[Black "Ojar, Richard"]
[Result "1-0"]
[WhiteElo "1717"]
[BlackElo "1205"]
[PlyCount "35"]
[EventDate "2008.08.15"]
[EventRounds "7"]
[SourceDate "2008.08.15"]

1. e4 e5 2. f4 Nc6 3. Nf3 Nf6 4. Nc3 exf4 5. d4 Bb4 6. Bd3 d6 7. O-O Bg4 8. Bc4
O-O 9. Qd3 a6 10. Bxf4 b5 11. Bb3 Na5 12. Ng5 h6 13. Nf3 Nh5 14. Be3 c6 15. Rf2
Re8 16. Bxf7+ Kxf7 17. Ng5+ Kg6 18. e5+ 1-0

[Event "XXIX Põlva suveturniir"]
[Site "Põlva"]
[Date "2008.08.16"]
[Round "4"]
[White "Narusberg, Peep"]
[Black "Raidla, Johaness"]
[Result "0-1"]
[WhiteElo "2006"]
[BlackElo "1872"]
[PlyCount "68"]
[EventDate "2008.08.15"]
[EventRounds "7"]
[SourceDate "2008.08.15"]

1. e4 Nc6 2. Nf3 h5 3. d4 d5 4. e5 Bf5 5. c3 h4 6. b4 Qd7 7. a4 f6 8. a5 O-O-O
9. b5 Nb8 10. Bd3 g5 11. h3 g4 12. hxg4 Bxg4 13. Nbd2 Bg7 14. Qc2 h3 15. g3 Nh6
16. Nh4 fxe5 17. dxe5 Nf7 18. f4 Nh6 19. Ndf3 Rhf8 20. Nd4 c5 21. bxc6 Nxc6 22.
Ba3 Nxa5 23. Bxe7 Qxe7 24. Rxa5 a6 25. Ng6 Qc7 26. Ra2 Rfe8 27. O-O Rd7 28. Kh1
Bf8 29. Nxf8 Rxf8 30. Nb5 Qc5 31. Nd4 Rc7 32. Rc1 Kb8 33. Rb2 Ka8 34. Nb5 Bf3+
0-1

[Event "XXIX Põlva suveturniir"]
[Site "Põlva"]
[Date "2008.08.16"]
[Round "5"]
[White "Teelem, Lauri"]
[Black "Sarapik, Kristjan"]
[Result "1-0"]
[WhiteElo "2140"]
[BlackElo "2135"]
[PlyCount "79"]
[EventDate "2008.08.15"]
[EventRounds "7"]
[SourceDate "2008.08.15"]

1. d4 d5 2. c4 dxc4 3. e4 e5 4. Nf3 exd4 5. Bxc4 Nc6 6. O-O Be6 7. Bb5 Bc5 8.
b4 Bb6 9. Bb2 Nge7 10. Nxd4 O-O 11. Nxc6 bxc6 12. Ba6 c5 13. bxc5 Bxc5 14. Qc2
Qd6 15. Be2 Rab8 16. Nc3 Nc6 17. Nb5 Nd4 18. Bxd4 Rxb5 19. Bxg7 Kxg7 20. Bxb5
Bd4 21. Rad1 c5 22. Bc4 Bg4 23. Rd3 Kh8 24. Kh1 f5 25. f3 fxe4 26. Rxd4 cxd4
27. fxg4 Rxf1+ 28. Bxf1 d3 29. Qc8+ Kg7 30. Qb7+ Kh8 31. Qc8+ Kg7 32. Qc3+ Kg8
33. g3 d2 34. Qb3+ Kg7 35. Be2 Qd4 36. Kg2 a5 37. a4 Kf6 38. Bd1 h6 39. h4 e3
40. Kf3 1-0

[Event "XXIX Põlva suveturniir"]
[Site "Põlva"]
[Date "2008.08.16"]
[Round "5"]
[White "Ðvõrjov, Igor"]
[Black "Sander, Kristjan"]
[Result "1-0"]
[WhiteElo "2423"]
[BlackElo "2094"]
[PlyCount "82"]
[EventDate "2008.08.15"]
[EventRounds "7"]
[SourceDate "2008.08.15"]

1. d4 Nf6 2. Nf3 e6 3. Bg5 h6 4. Bh4 Be7 5. Nbd2 c5 6. e3 b6 7. a4 a5 8. Bb5
O-O 9. O-O Bb7 10. c3 d6 11. Qc2 Nbd7 12. Rad1 Nh5 13. Bxe7 Qxe7 14. Rfe1 Rac8
15. Nc4 Nhf6 16. dxc5 dxc5 17. Bxd7 Nxd7 18. Rxd7 Qxd7 19. Nxb6 Qe7 20. Nxc8
Rxc8 21. e4 Rd8 22. Qb3 Qc7 23. Qb5 Rb8 24. Qc4 Qd6 25. Qe2 Ba6 26. Qc2 Bd3 27.
Qd2 c4 28. Nd4 e5 29. Nb5 Qg6 30. f3 Qb6+ 31. Kh1 Rd8 32. Rd1 Qc5 33. Qe1 Rb8
34. Rd2 Rxb5 35. axb5 Qxb5 36. g3 a4 37. Kg2 Qc6 38. Qe3 Qb7 39. Qc5 f6 40. Qa5
Qb3 41. Qd5+ Kh7 1-0

[Event "XXIX Põlva suveturniir"]
[Site "Põlva"]
[Date "2008.08.16"]
[Round "5"]
[White "Kool, Lauri"]
[Black "Reiman, Arvo"]
[Result "1/2-1/2"]
[WhiteElo "2091"]
[BlackElo "2196"]
[PlyCount "107"]
[EventDate "2008.08.15"]
[EventRounds "7"]
[SourceDate "2008.08.15"]

1. e3 e5 2. c4 Nf6 3. Nc3 Bb4 4. a3 Bxc3 5. bxc3 O-O 6. d4 d6 7. Nf3 Nbd7 8. a4
c5 9. Be2 Qe7 10. O-O Ne4 11. Qc2 f5 12. Nd2 Nxd2 13. Qxd2 Nf6 14. Ba3 Be6 15.
a5 Rac8 16. f3 Rfd8 17. Rfd1 Qc7 18. Kh1 e4 19. f4 cxd4 20. Qxd4 Bxc4 21. Bxc4+
Qxc4 22. Qxa7 Ng4 23. Re1 Ne5 24. Kg1 Nd3 25. Rf1 Ra8 26. Qxb7 Rxa5 27. Bb4
Rxa1 28. Rxa1 Nxb4 29. Qxb4 Qxb4 30. cxb4 Rb8 31. Rb1 Kf7 32. Kf2 Ke6 33. Ke2
Ra8 34. Rb2 Kd5 35. Rc2 Ra7 36. g4 fxg4 37. Kf2 Rb7 38. Kg3 Rxb4 39. Kxg4 Rb3
40. Rc7 Rxe3 41. Rxg7 Re1 42. Rxh7 Rg1+ 43. Kf5 e3 44. Re7 Kd4 45. h4 Kd3 46.
Rd7 e2 47. Rxd6+ Kc3 48. Re6 Kd3 49. Rd6+ Ke3 50. Re6+ Kf3 51. h5 e1=Q 52. Rxe1
Rxe1 53. h6 Rh1 54. Kg5 1/2-1/2

[Event "XXIX Põlva suveturniir"]
[Site "Põlva"]
[Date "2008.08.16"]
[Round "5"]
[White "Tobre, Andres"]
[Black "Nassar, Askold"]
[Result "0-1"]
[WhiteElo "1717"]
[BlackElo "1961"]
[PlyCount "60"]
[EventDate "2008.08.15"]
[EventRounds "7"]
[SourceDate "2008.08.15"]

1. e4 d5 2. exd5 Nf6 3. Nc3 Nxd5 4. Nxd5 Qxd5 5. Nf3 Bg4 6. Be2 Nc6 7. O-O e5
8. c4 Qd7 9. Re1 O-O-O 10. Qa4 f5 11. Nxe5 Nxe5 12. Qxa7 Qd4 13. Qa8+ Kd7 14.
Qxb7 Bc5 15. Qd5+ Qxd5 16. cxd5 Rhe8 17. Bb5+ c6 18. dxc6+ Kc7 19. Kf1 Nxc6 20.
Rxe8 Rxe8 21. f3 Bh5 22. d3 Kb6 23. a4 Re6 24. Bf4 Nd4 25. Bc4 Re2 26. a5+ Ka7
27. b3 Rb2 28. Be3 h6 29. Ra4 Be8 30. Ra3 Rb1+ 0-1

[Event "XXIX Põlva suveturniir"]
[Site "Põlva"]
[Date "2008.08.16"]
[Round "5"]
[White "Karassev, Vladislav"]
[Black "Turu, Indrek"]
[Result "0-1"]
[WhiteElo "1543"]
[BlackElo "1790"]
[PlyCount "96"]
[EventDate "2008.08.15"]
[EventRounds "7"]
[SourceDate "2008.08.15"]

1. c4 c6 2. Nc3 Nf6 3. Nf3 d5 4. cxd5 cxd5 5. g3 g6 6. Bg2 Bg7 7. d4 Nc6 8. O-O
O-O 9. Re1 Bf5 10. Nh4 Be6 11. Qb3 Nxd4 12. Qd1 Nc6 13. Bg5 Qa5 14. Bxf6 Bxf6
15. Nxd5 Bxd5 16. Qxd5 Qxd5 17. Bxd5 Rfd8 18. Bxc6 bxc6 19. Rac1 Rd2 20. Rxc6
Rb8 21. Rc7 Rbxb2 22. Rxa7 Rxe2 23. Rxe2 Rxe2 24. Ra8+ Kg7 25. Nf3 e5 26. Kf1
Rb2 27. a4 e4 28. Ng1 Rb1+ 29. Kg2 Rb2 30. Kf1 Bd4 31. Ne2 Bc5 32. a5 f5 33. a6
Ra2 34. Rc8 Bb6 35. Ra8 Kh6 36. h4 Kg7 37. Ke1 h6 38. Nc3 Ba5 39. Rc8 Bxc3+ 40.
Rxc3 Rxa6 41. f3 Re6 42. Re3 Kf6 43. fxe4 Rxe4 44. Rxe4 fxe4 45. g4 Ke5 46. h5
g5 47. Ke2 Kf4 48. Kf2 Kxg4 0-1

[Event "XXIX Põlva suveturniir"]
[Site "Põlva"]
[Date "2008.08.16"]
[Round "5"]
[White "Siidirätsep, Endel"]
[Black "Ots, Heikki"]
[Result "1-0"]
[WhiteElo "1946"]
[BlackElo "1962"]
[PlyCount "37"]
[EventDate "2008.08.15"]
[EventRounds "7"]
[SourceDate "2008.08.15"]

1. d4 d5 2. c4 c6 3. Nf3 e6 4. e3 Nf6 5. Nc3 Bd6 6. Bd3 Nbd7 7. Qc2 O-O 8. O-O
h6 9. b3 e5 10. dxe5 Nxe5 11. Nxe5 Bxe5 12. Bb2 Ng4 13. g3 d4 14. exd4 Bxd4 15.
Rad1 Ne5 16. Be4 Bg4 17. Rd2 a6 18. Na4 f5 19. Bg2 1-0

[Event "XXIX Põlva suveturniir"]
[Site "Põlva"]
[Date "2008.08.16"]
[Round "5"]
[White "Popman, Genadi"]
[Black "Kass, Viktor"]
[Result "0-1"]
[WhiteElo "1835"]
[BlackElo "1911"]
[PlyCount "120"]
[EventDate "2008.08.15"]
[EventRounds "7"]
[SourceDate "2008.08.15"]

1. Nf3 Nf6 2. g3 d5 3. c4 d4 4. b4 e5 5. Nxe5 Bxb4 6. Qa4+ Nfd7 7. Nxd7 Nxd7 8.
Qxb4 c5 9. Qb3 Ne5 10. d3 Bf5 11. Bg2 Rb8 12. Bf4 Qe7 13. Bxe5 Qxe5 14. Nd2 O-O
15. Nf3 Qe7 16. Rd1 Rfe8 17. O-O Bg4 18. Rde1 Qd6 19. e4 dxe3 20. Rxe3 Red8 21.
Ne1 Be6 22. a4 a6 23. Qc3 b5 24. axb5 axb5 25. cxb5 Rxb5 26. Qe5 Qb6 27. Nf3 c4
28. Qa1 cxd3 29. Rd1 f6 30. Bf1 Bf5 31. Nd2 Bg4 32. Qa2+ Kh8 33. Rde1 Bh5 34.
g4 Bg6 35. h4 h5 36. Qa4 Rb4 37. Qa3 Rxg4+ 38. Bg2 Rxh4 39. Qe7 Re8 40. Qd7
Rxe3 41. Rxe3 Rd4 42. Re8+ Kh7 43. Qc8 Bxe8 44. Qxe8 Rh4 45. Be4+ Rxe4 46.
Qxe4+ Kh6 47. Qxd3 Qe6 48. Kf1 Qg4 49. Ne4 h4 50. Qe3+ Kg6 51. Qd3 Qf5 52. Qe3
Kh7 53. Kg2 Qg4+ 54. Kh2 Qe6 55. Qf4 Qe5 56. Qxe5 fxe5 57. Kh3 Kg6 58. Kxh4 Kf5
59. Ng3+ Kf4 60. Nh5+ Kf3 0-1

[Event "XXIX Põlva suveturniir"]
[Site "Põlva"]
[Date "2008.08.16"]
[Round "5"]
[White "Komlev, Heino"]
[Black "Raidla, Johannes"]
[Result "0-1"]
[WhiteElo "1792"]
[BlackElo "1872"]
[PlyCount "172"]
[EventDate "2008.08.15"]
[EventRounds "7"]
[SourceDate "2008.08.15"]

1. d4 e6 2. c4 d5 3. e3 Nf6 4. Nc3 a6 5. Bd3 dxc4 6. Bxc4 b5 7. Qf3 Ra7 8. Bf1
c5 9. Nh3 Rd7 10. d5 exd5 11. Bd3 Bb7 12. Bf5 Re7 13. Ng5 d4 14. Nce4 Nxe4 15.
Bxe4 Bxe4 16. Nxe4 Qb6 17. O-O Qc6 18. Ng5 Qxf3 19. Nxf3 d3 20. Rd1 c4 21. Nd4
Rc7 22. Bd2 Nc6 23. Nxc6 Rxc6 24. Rac1 b4 25. Be1 Kd7 26. b3 c3 27. Rxd3+ Rd6
28. Rcd1 Kc6 29. Rd4 Rxd4 30. Rxd4 Bc5 31. Rd1 a5 32. Kf1 a4 33. Rc1 Ra8 34.
Bxc3 bxc3 35. Rxc3 Kb5 36. Ke2 axb3 37. axb3 Rd8 38. Rc4 f5 39. h4 g6 40. Ra4
Rd7 41. Kf3 Rd3 42. Ra8 Rd7 43. Rb8+ Kc6 44. g3 Bd6 45. Rc8+ Kd5 46. Rc4 Rb7
47. Rd4+ Ke5 48. Rd3 Rb4 49. Rc3 h6 50. Rd3 g5 51. hxg5 hxg5 52. Ke2 Ke6 53.
Kd2 Rb7 54. Ke2 Ra7 55. Kf3 Ra2 56. Kg2 g4 57. Kf1 Rb2 58. Kg1 Ke5 59. Kg2 Bc5
60. Rc3 Bb4 61. Rc4 Rxb3 62. f4+ Ke6 63. e4 Be1 64. exf5+ Kxf5 65. Rc5+ Kf6 66.
Rc6+ Kf7 67. Rc7+ Ke6 68. Rc5 Rxg3+ 69. Kf1 Bd2 70. f5+ Kf6 71. Rd5 Rf3+ 72.
Ke2 Bc1 73. Rc5 Bb2 74. Rb5 Be5 75. Rb1 Kxf5 76. Rb4 Ra3 77. Kf1 Ra2 78. Rc4
Bf4 79. Rc5+ Ke4 80. Rc3 Be3 81. Rc8 Rf2+ 82. Ke1 Kf3 83. Rg8 g3 84. Rf8+ Bf4
85. Rf7 Re2+ 86. Kd1 Ra2 0-1

[Event "XXIX Põlva suveturniir"]
[Site "Põlva"]
[Date "2008.08.16"]
[Round "5"]
[White "Ojar, Richard"]
[Black "Narusberg, Peep"]
[Result "0-1"]
[WhiteElo "1205"]
[BlackElo "2006"]
[PlyCount "28"]
[EventDate "2008.08.15"]
[EventRounds "7"]
[SourceDate "2008.08.15"]

1. e4 e5 2. Nf3 Nc6 3. Nc3 Nf6 4. g3 Bc5 5. Bc4 O-O 6. O-O d6 7. d3 Bg4 8. Bg5
Nd4 9. Be3 Nxf3+ 10. Kg2 Nh4+ 11. gxh4 Bxd1 12. Rfxd1 Bxe3 13. fxe3 Ng4 14. Re1
Qxh4 0-1

[Event "XXIX Põlva suveturniir"]
[Site "Põlva"]
[Date "2008.08.17"]
[Round "6"]
[White "Teelem, Lauri"]
[Black "Vorobjov, Pavel"]
[Result "0-1"]
[WhiteElo "2140"]
[BlackElo "2257"]
[PlyCount "104"]
[EventDate "2008.08.15"]
[EventRounds "7"]
[SourceDate "2008.08.15"]

1. d4 Nf6 2. c4 e5 3. dxe5 Ng4 4. Bf4 Bb4+ 5. Nd2 Nc6 6. Ngf3 Qe7 7. e3 Ngxe5
8. Nxe5 Nxe5 9. Be2 O-O 10. O-O a5 11. a3 Bc5 12. Nb3 Bb6 13. c5 Ba7 14. Qd5
Re8 15. Rac1 Bb8 16. Qd2 a4 17. Nd4 d6 18. cxd6 Qxd6 19. Rfd1 c6 20. Qc2 Qf6
21. Bg3 g6 22. Rd2 h5 23. h3 h4 24. Bh2 Ra5 25. Rcd1 g5 26. Qc3 Rd5 27. f4 Ng6
28. Bc4 Rdd8 29. fxg5 Bxh2+ 30. Kxh2 Qxg5 31. e4 Ne5 32. Be2 Qf4+ 33. Kh1 Qxe4
34. Bd3 Nxd3 35. Qxd3 Qe3 36. Qxe3 Rxe3 37. Nc2 Rxd2 38. Rxd2 Re8 39. Kg1 Bf5
40. Nd4 Bg6 41. Nf3 Re4 42. Kf2 Kg7 43. Rd4 Rxd4 44. Nxd4 Be4 45. Ne2 c5 46.
Nc3 Bc6 47. Ne2 Kf6 48. Nf4 Ke5 49. Ke3 Be4 50. Ne2 Bxg2 51. Nf4 Bf1 52. Kf3 b5
0-1

[Event "XXIX Põlva suveturniir"]
[Site "Põlva"]
[Date "2008.08.17"]
[Round "6"]
[White "Kunitsõn, Nikolai"]
[Black "Ðvõrjov, Igor"]
[Result "0-1"]
[WhiteElo "2187"]
[BlackElo "2423"]
[PlyCount "61"]
[EventDate "2008.08.15"]
[EventRounds "7"]
[SourceDate "2008.08.15"]

1. e4 g6 2. d4 Bg7 3. Bc4 d6 4. Nf3 Nf6 5. Qe2 d5 6. exd5 Nxd5 7. O-O Bg4 8. h3
Bxf3 9. Qxf3 e6 10. c3 O-O 11. Nd2 c6 12. Ne4 h6 13. b3 b5 14. Bd3 Nd7 15. Ba3
b4 16. cxb4 Bxd4 17. Rac1 f5 18. Ng3 Ne5 19. Qd1 Nc3 20. Qd2 Nxd3 21. Rxc3 Bxc3
22. Qxc3 Qd5 23. Rd1 Rad8 24. b5 Rf7 25. Bb2 e5 26. Rxd3 Qxd3 27. Qxe5 Kh7 28.
bxc6 Qd6 29. Qc3 Rc8 30. h4 Qxc6 31. Qe5 0-1

[Event "XXIX Põlva suveturniir"]
[Site "Põlva"]
[Date "2008.08.17"]
[Round "6"]
[White "Reiman, Arvo"]
[Black "Nassar, Askold"]
[Result "1-0"]
[WhiteElo "2196"]
[BlackElo "1961"]
[PlyCount "61"]
[EventDate "2008.08.15"]
[EventRounds "7"]
[SourceDate "2008.08.15"]

1. e4 d5 2. exd5 Nf6 3. c4 e6 4. dxe6 Bxe6 5. d4 Qe7 6. Be3 Nc6 7. Nc3 O-O-O 8.
d5 Bf5 9. Nf3 Ng4 10. Qd2 Nb4 11. Nd4 Qf6 12. a3 Nxe3 13. fxe3 Na6 14. b4 Bd6
15. c5 Be5 16. O-O-O Bg6 17. c6 Nb8 18. cxb7+ Kxb7 19. Bb5 a6 20. Rhf1 Qd6 21.
Bc6+ Kc8 22. Qe2 Bxd4 23. Rxd4 Qe5 24. Kb2 Rd6 25. Rfd1 Kd8 26. b5 axb5 27.
Qxb5 Ke7 28. Qb7 Nd7 29. Qxc7 Rb8+ 30. Nb5 Qxh2 31. Bxd7 1-0

[Event "XXIX Põlva suveturniir"]
[Site "Põlva"]
[Date "2008.08.17"]
[Round "6"]
[White "Sander, Kristjan"]
[Black "Kool, Lauri"]
[Result "0-1"]
[WhiteElo "2094"]
[BlackElo "2091"]
[PlyCount "52"]
[EventDate "2008.08.15"]
[EventRounds "7"]
[SourceDate "2008.08.15"]

1. e4 e5 2. Nf3 Nc6 3. Bc4 Nf6 4. d4 exd4 5. O-O Nxe4 6. Nxd4 d5 7. Bb5 Bd7 8.
Nb3 Be6 9. Na5 Qd7 10. c4 a6 11. Nxc6 axb5 12. cxd5 Qxd5 13. Qxd5 Bxd5 14. Nd4
O-O-O 15. Be3 Bc5 16. Nc3 Nxc3 17. bxc3 Bc4 18. Rfe1 Rhe8 19. Nc6 bxc6 20. Bxc5
Rxe1+ 21. Rxe1 Bxa2 22. f4 Rd5 23. Bd4 b4 24. Bxg7 b3 25. c4 Rd2 26. Re8+ Kb7
0-1